Quiz Zelda BOTW - Statistiques

Statistiques générales
  • Ce quiz a été pris 2 315 fois
  • Le résultat moyen est 37 sur 69
Statistiques - réponses
Hint Réponse % Correct
Link
95%
Zelda
95%
Mipha
91%
Daruk
86%
Revali
86%
Gerudo
85%
Gerudo
85%
Goron
85%
Piaf
84%
Urbosa
84%
Zora
83%
Zora
83%
Hylien
82%
Hylien
82%
Vah Naboris
82%
Vah Ruta
82%
Vah Medoh
79%
Endroit où Zelda est retenue prisonnière Chateau d'Hyrule
78%
Vah Rudania
78%
Force
77%
Bokoblin
76%
Courage
75%
Premier endroit du jeu Plateau du prélude
75%
Sagesse
75%
Ordrac
72%
Moblin
71%
Nedrac
71%
Ganon
70%
Rordrac
67%
Endroit où Link se réveille après 100 ans Sanctuaire de la renaissance
66%
Impa
65%
Lynel
63%
Lezalfos
62%
Sidon
59%
Akkala
51%
Hinox
51%
Hebra
50%
Lanelle
49%
Rhoam Bosphoramus Hyrule
49%
Firone
47%
Pruha
46%
Riju
46%
Ordinn
45%
Yunobo
45%
Sheikah
42%
Chuchu
41%
Lithorock
41%
Gardien
39%
Teba
39%
Escalade
33%
Faras
32%
Necluda
32%
Barbare
31%
Soldat
24%
Pierre
22%
Nox
20%
Pahya
20%
Sorcier
20%
Archeonique
18%
Duvet
18%
Isolant
18%
Sablons
17%
Hylia
16%
Noia
16%
Landes
14%
Furtif
11%
Khoga
10%
Plaines d'Hyrule
9%
Dark
8%
Aucun quiz correspondant
Distribution des résultats
% des personnes avec chaque résultat
Percentile par nombre de réponses
Votre historique - résultats
Vous n’avez pas pris ce quiz